00697nam a2200241 a 4500001001300000003000900013005001700022008004100039020000900080082001300089100003000102245004800132260005000180300000900230500003500239505001000274650001900284700003000303902000800333942000700341952009200348999001500440nice12345678IN_TiNIC20260116011830.0050524s1971 cala grp 000 0 eng  ac1200a295bCHA aChatterji, Jatindra Mohan aAtharvan Zarathustrab the Foremost Prophet aCalcuttabParsi Zoroastrian Associationc1971 a250p aincludes index and biblioraphy2 aindex aZoroastrianism1 aChatterji, Jatindra Mohan bSRS cBK 00104070aHMIbHMId2007-07-26g12.00l0o295 CHAp07941r2007-07-26w2026-01-16yEB c4294d4294